| 000 | 01268nam a2200337 a 4500 | ||
|---|---|---|---|
| 003 | CHAP | ||
| 005 | 20250422072847.0 | ||
| 008 | 101125s2008 mx 00010 spa d | ||
| 010 | _a99958 | ||
| 011 | _a100930 | ||
| 020 | _a9786071200556 | ||
| 035 | _a111616 | ||
| 040 | _cCHAP | ||
| 090 | _aCD-293 | ||
| 111 | 2 |
_aPrograma Universitario de Investigación en Granos y Semillas ( _d: 2008 _c: Chapingo, Méx.) _992363 |
|
| 245 | 1 | 0 |
_aMemorias de los resultados de investigación en granos y semillas [Disco compacto] _c/[editado por] Arturo Chong Eslava, Samuel Sánchez Domínguez y Esteban Solórzano Vega |
| 260 |
_aChapingo, Méx. : _bUACH, _c2008 |
||
| 300 |
_a1 disco compacto ; _c4 3/4 plgs. |
||
| 590 |
_aBATCH-UPD _b10 _c20130110 _lUCH01 _h1616 |
||
| 590 |
_aBATCH-UPD _b10 _c20130410 _lUCH01 _h1011 |
||
| 590 |
_aBATCH-UPD _b10 _c20130914 _lUCH01 _h0928 |
||
| 590 |
_aCONVERSION _b10 _c20130109 _lUCH01 _h1355 |
||
| 700 | 0 |
_aChong Eslava, Arturo _e, ed. _922863 |
|
| 700 | 1 |
_aSánchez Domínguez, Samuel _e, ed. _9107478 |
|
| 700 | 1 |
_aSolórzano Vega, Esteban _e, ed. _9108505 |
|
| 901 | _aBK | ||
| 911 | _aen proceso | ||
| 942 | _cCD | ||
| 949 |
_aCD-293 _bBC _cCD _d33724002221116 _eCD _i111616 _sb |
||
| 949 |
_aCD-293 _bBC _cCD _d33724002221199 _eCD _fc.2 _i111616 _sb |
||
| 999 |
_c99958 _d99958 |
||